Fifa 100 Football (Soccer) players - Statistics

General Stats
  • This quiz has been taken 45 times
  • The average score is 39 of 125
Answer Stats
Nationality Answer % Correct
Brazil Ronaldo
94%
Argentina Diego Maradona
83%
Ghana Abedi Pele
80%
Brazil Pele
80%
Brazil Ronaldinho
71%
Argentina/Spain Alfredo Di Stefano
63%
Liberia George Weah
63%
France Zinedine Zidane
60%
Mexico Hugo Sánchez
57%
Netherlands Johan Cruyff
57%
Germany Oliver Kahn
57%
Italy Paolo Maldini
57%
Hungary Ferenc Puskás
54%
Germany Gerd Müller
54%
Italy Gianluigi Buffon
54%
Netherlands Marco van Basten
54%
Brazil Rivaldo
54%
Portugal Luís Figo
51%
Brazil Romario
51%
England David Beckham
49%
Germany Franz Beckenbauer
49%
Argentina Gabriel Batistuta
49%
Northern Ireland George Best
49%
France Michel Platini
49%
Netherlands Ruud Gullit
49%
Brazil Cafu
46%
Colombia Carlos Valderrama
46%
Croatia Davor Suker
46%
France Thierry Henry
46%
Brazil Zico
46%
Ukraine Andriy Shevchenko
43%
Denmark Brian Laudrup
43%
Portugal Eusébio
43%
Denmark Michael Laudrup
43%
Italy Paolo Rossi
43%
Denmark Peter Schmeichel
43%
England Bobby Charlton
40%
Bulgaria Hristo Stoichkov
40%
Czechia Pavel Nedved
40%
Brazil Roberto Carlos
40%
Brazil Socrates
40%
Italy Alessandro Del Piero
37%
Italy Alessandro Nesta
37%
Italy Francesco Totti
37%
Italy Franco Baresi
37%
Netherlands Frank Rijkaard
37%
Romania Gheorghe Hagi
37%
Germany Lothar Matthäus
37%
Italy Roberto Baggio
37%
England Alan Shearer
34%
Brazil Carlos Alberto
34%
Japan Hidetoshi Nakata
34%
France Lilian Thuram
34%
England Michael Owen
34%
France Eric Cantona
31%
England Gary Lineker
31%
Argentina Hernan Crespo
31%
Argentina Juan Sebastian Veron
31%
Spain Raúl
31%
Ireland Roy Keane
31%
Netherlands Clarence Seedorf
29%
Argentina Javier Zanetti
29%
Nigeria Jay-Jay Okocha
29%
Germany Karl-Heinz Rummenigge
29%
France Marcel Desailly
29%
France Patrick Vieira
29%
Portugal Rui Costa
29%
France David Trezeguet
26%
Netherlands Dennis Bergkamp
26%
Italy Dino Zoff
26%
England Gordon Banks
26%
France Jean-Pierre Papin
26%
France Just Fontaine
26%
Argentina Mario Kempes
26%
Germany Michael Ballack
26%
Argentina Daniel Passarella
23%
Brazil Djalma Santos
23%
Netherlands Edgar Davids
23%
South Korea Hong Myung-bo
23%
Scotland Kenny Dalglish
23%
France Raymond Kopa
23%
Brazil Rivellino
23%
Cameroon Roger Milla
23%
France Didier Deschamps
20%
Chile Elias Figueroa
20%
Spain Emilio Butragueño
20%
Brazil Falcao
20%
Italy Giacinto Facchetti
20%
Chile Ivan Zamorano
20%
England Kevin Keegan
20%
Brazil Nilton Santos
20%
Italy Gianni Rivera
17%
Belgium Jean-Marie Pfaff
17%
Netherlands Johan Neeskens
17%
Germany Jürgen Klinsmann
17%
Netherlands Patrick Kluivert
17%
Germany Paul Breitner
17%
France Robert Pires
17%
Netherlands Ruud van Nistelrooy
17%
Peru Teófilo Cubillas
17%
Czechia Josef Masopust
14%
Germany Uwe Seeler
14%
Italy Christian Vieri
11%
Uruguay Enzo Francescoli
11%
Belgium Jan Ceulemans
11%
Argentina Javier Saviola
11%
Argentina Omar Sivori
11%
Netherlands Rob Rensenbrink
11%
Germany Sepp Maier
11%
Poland Zbigniew Boniek
11%
Senegal El Hadji Diouf
9%
Italy Giampiero Boniperti
9%
Brazil Junior
9%
Spain Luis Enrique
9%
France Marius Trésor
9%
USA Mia Hamm
9%
Turkey Rüştü Reçber
9%
Italy Giuseppe Bergomi
6%
Turkey Emre Belözoğlu
3%
Belgium Franky Van der Elst
3%
USA Michelle Akers
3%
Netherlands René van de Kerkhof
3%
Paraguay Romerito
3%
Netherlands Willy van de Kerkhof
3%
Russia Rinat Dasayev
0%
No matching quizzes found
Score Distribution
Percent of People with Each Score
Percentile by Number Answered
Your Score History
You have not taken this quiz